Evangelikusok közgyűlése.

- sa konal v Košiciach 24. januára 1909. Novým cirkevným dozorcom bol menovaný Dr. Ladislav Brosz. Parentácia nad zosnulými hodnostármi cirkevného zboru. Kurátor Michal Hallyko ml. dostal absolutórium. Namiesto Dr. Štefana Malétera bol zvolený Dr. Oliver Eöttevényi-Nagy. Mená nových presbyterov. Sch...

Celý popis

Podrobná bibliografia
Médium: Článok
Jazyk:Hungarian
Témy:
Zdroj: 1. Felsőmagyarország : Kassai Napló 1. Roč. 25, č. 20 (26.01.1909) s. 3
LEADER 01498nab#a2200361#ar4500
001 000079922
003 SVKKK
005 20080229092548.0
008 060725c xo huno
FMT
038 |a SVKKK 
040 |a SVKKK  |b slo  |e AACR2 
041 0 |a hun 
044 |a xo  |c SK 
080 |a 284.1:262 
242 1 0 |a Konvent evanjelickej a.v. cirkve 
245 0 0 |a Evangelikusok közgyűlése. 
500 |a Ex/M 74 
520 2 |a - sa konal v Košiciach 24. januára 1909. Novým cirkevným dozorcom bol menovaný Dr. Ladislav Brosz. Parentácia nad zosnulými hodnostármi cirkevného zboru. Kurátor Michal Hallyko ml. dostal absolutórium. Namiesto Dr. Štefana Malétera bol zvolený Dr. Oliver Eöttevényi-Nagy. Mená nových presbyterov. Schválenie účtov aj rozpočtu. Pozostalosť pauly Lehrnerovej. Zbor vstupuje do "Zväzu náboženskej rovnosti". Plán náboženského večierka 
650 0 4 |a Brosz, Ladislav (dozorca cirkevný) - Košice 
650 0 4 |a Eöttevényi-Nagy, Oliver (právnik) - Košice 
650 0 4 |a Hallyko, Michal ml. (kurátor) - Košice 
650 0 4 |a Lehrner, Paula (mecénka) - testament (téma) - Košice 
650 0 4 |a konventy - evanjelický a.v. cirkevný zbor, Košice - Košice - 24.01.1909 - referáty 
773 0 |t Felsőmagyarország : Kassai Napló  |g Roč. 25, č. 20 (26.01.1909) s. 3 
957 |a Košice 
958 |a CI 
958 |a DG 
958 |a SK 
974 |a Ba  |d 20050804 
992 |a RBX 
BAS
998 |a RETRO